Football by Letter - J - Statistics

General Stats
  • This quiz has been taken 81 times
  • The average score is 10 of 15
Answer Stats
Hint Answer % Correct
Host country with South Korea at the 2002 World Cup Japan
100%
Record champions of Serie A Juventus Turin
94%
Died tragically in a car accident in 2025 † Diogo Jota
93%
Brother of Jude Bellingham Jobe Bellingham
90%
Captain of Chelsea FC from 2023/2024 to present Reece James
88%
Top scorer at the 2014 World Cup James Rodriguez
86%
Country that participated in the World Cup for the only time in 1998 Jamaica
78%
Ajax Amsterdam Stadium Johan-Cruyff Arena
71%
Newcastle United Stadium St. James Park
63%
Won both the European Championship and the Champions League in 2021 Jorginho
61%
Wolverhampton Wanderers' record goalscorer in the Premier League Raul Jimenez
54%
Scored the winning goal in the 2024/25 Europa League final Brennan Johnson
46%
The most expensive Senegalese player in history Nicolas Jackson
43%
Four-time Premier League winner with Manchester City Gabriel Jesus
29%
Won both the European Championship and the Champions League in 2024 Joselu
21%
No matching quizzes found
Score Distribution
Percent of People with Each Score
Percentile by Number Answered
Your Score History
You have not taken this quiz